| 000 | 00434nam a2200181Ia 4500 | ||
|---|---|---|---|
| 008 | 221030s9999 xx 000 0 und d | ||
| 020 | _a0074632272 | ||
| 041 | _aEnglish | ||
| 082 |
_a105.23 _bKon |
||
| 100 | _aH. Koontz | ||
| 245 | 0 | _aEssentials of Management : An International Perspective | |
| 250 | _a5th | ||
| 260 |
_bTMH _aNew Delhi _c2003 |
||
| 300 | _a530 | ||
| 650 | _aManagement | ||
| 700 | _aH. Weihrich | ||
| 942 | _cBK | ||
| 999 |
_c1865 _d1865 |
||